000 00836cam a2200253 a 4500
999 _c27257
_d27257
001 444883
005 20170208084602.0
008 821215s1983 nyua 000 0 eng
010 _a 82042648
020 _a0684178370 :
_c$9.95
040 _aDLC
_cDLC
_dDLC
050 0 0 _aNK3631
_b .B34A4 1983
100 1 _aBaker, Arthur.
245 1 4 _aThe calligraphic art of Arthur Baker /
_cwith an introduction by William Hogarth.
260 _aNew York :
_bScribner,
_cc1983.
300 _a[64] p. :
_bchiefly ill. ;
_c29 cm.
600 1 0 _aBaker, Arthur.
650 0 _aCalligraphy
_xTechnique.
650 0 _aArt, Abstract.
942 _2lcc
_cBOOKS
_hNK3631 .B34A4 1983